Guía de estudio laboral, derecho del trabajo y de la seguridad social /
Guardado en:
| Autor Principal: | |
|---|---|
| Formato: | Desconocido |
| Idioma: | Spanish |
| Publicado: |
Ciudad Autónoma de Buenos Aires :
Estudio,
2014.
|
| Edición: | 13a. ed. |
| Series: | Guías de estudio
|
| Materias: | |
| Etiquetas: |
Agregar Etiqueta
Sin Etiquetas, Sea el primero en etiquetar este registro!
|
| LEADER | 00559nac a22001695a 4500 | ||
|---|---|---|---|
| 001 | DER.der014052 | ||
| 008 | 190912i2014####ag#####|###|#|######spa|| | ||
| 005 | 20241024082145.0 | ||
| 245 | 1 | 0 | |a Guía de estudio laboral, derecho del trabajo y de la seguridad social / |c Julio Armando Grisolía. |
| 250 | |a 13a. ed. | ||
| 260 | |a Ciudad Autónoma de Buenos Aires : |b Estudio, |c 2014. | ||
| 300 | |a 400 p. | ||
| 440 | 0 | |a Guías de estudio | |
| 020 | |a 9789508974730 | ||
| 100 | 1 | |a Grisolía, Julio Armando. | |
| 650 | 7 | |a DERECHO LABORAL | |
| 859 | |a DERECHO |b BIB. DERECHO |h 344 |i GRI |p 009279 | ||
